000 00988nam a22002417a 4500
005 20100407105636.0
008 100407t xxu||||| |||| 00| 0 eng d
010 _aENG-95982
020 _a9788131729045
_c625.00
035 _aEN-79515
037 _bDBAD/VEN
040 _adpl
_bEnglish
082 _a530
100 _aDudeja, Ravi Raj
245 _aThe Pearson guide to objective Physics for the AIEEE:
_cby Ravi Raj Dudeja
_bAll India Engineering entrance Examination/
250 _a3rd ed.
260 _aDelhi
_bDorling Kindersley (India) Pvt. Ltd. Licensees of Pearson Education
_c2010
270 _a14, Local Shopping Centre, Panchsheel Park
_bDelhi
_e110017
300 _aVarious pagings
_c28 cm. (pbk)
942 _adpl
_cEN
_2ddc
_mDUD
_e3rd ed.
_h530
999 _c35119
_d35119